Welches Land schlägt die anderen? - Statistiken

Allgemein
  • Dieses Quiz wurde 74 mal gespielt
  • Das Durchschnittsergebnis liegt bei 3 aus 10
Antwortstatistiken
Frage Antwort % Korrekt
Wähle das flächenmäßig größte Land Saudi Arabien
71%
Wähle das Land mit den meisten Einwohnern Indonesien
64%
Wähle das Land mit der höchsten Kriminalitätsrate aus Venezuela
47%
Wähle das Land, welches am ältesten ist (es zählt hierfür der Zeitpunkt der Unabhängigkeit) San Marino
46%
Wähle das Land mit dem höchsten Importwert Kolumbien
33%
Wähle das Land mit den meisten Einwanderern (Personen, die in dieses Land eingewandert sind) Türkei
27%
Wähle das Land mit dem höchsten BIP Panama
26%
Wähle das Land mit den meisten Streitkräften Irak
23%
Wähle das Land mit dem größten Straßennetz aus Brasilien
7%
Wähle das Land mit dem höchsten Exportwert Irland
4%
Keine übereinstimmenden Quizze gefunden
Verteilung der Resultate
Anzahl Personen mit jedem Resultat
Perzentil nach korrekt beantworteten Fragen
Ihre Resultats-Entwicklung
Sie haben dieses Quiz noch nicht gespielt